1358 1046 1363 1278 1108 1528 1898 1590 1698 1061 1964 1709 1858 1348 1656 1793 1323 1005 1152 1538 1191 1685 1851 1196 1935 1993 1645 1727 1875 1723 1527 1543 1355 1536 1833 1769 1139 1112 1729 1538 1565 1562 1233 1712 1363 1637 1951 1740 1729 1814 1349 1584 1036 1479 1004 1428 1548 1780 1278 1889 1927 1532 1705 1183 1547 1994 1580 1385 1274 1382 1881 1849 1801 1210 1119 1720 1624 1924 1523 1762 1104 1967 1333 1302 1215 1887 1494 1526 1362 1373 1835 1528 1345 1786 1558 1939 1303 1347 1256 BCNSPRNW ULIB Ver.6.0+V

เปลี่ยนเป็นภาษาไทย

Change to English
 แสดงรายละเอียดบรรณานุกรม
  กลับหน้าหลัก

Brief Record : Get Marc (ISO 2709) : E-mail record : QR code < ปิดหน้าต่าง
LEADER : 00000nam 2200000uu 4500
001    13399114029
003     ULIB
008    110627s||||||||th 000 0 tha d
020    9786115210015
090    นว.^bณ321ล 2552
100 0  ณัฐกวี
245 00 เล่ห์รัก...แผนพิชิตหัวใจ/^cณัฐกวี
250    พิมพ์ครั้งที่ 1
260    กรุงเทพฯ :^bมธุรดา,^c2552
300    206 หน้า
710 1  มธุรดา
945    ^p149^l0^i026759
995    ทศพร
999 ^a ใช้งานได้ทุกระบบ
รายการนี้ยังไม่มีแท็ก
คุณยังไม่ได้ล็อกอิน คุณสามารถมีกิจกรรมร่วมกับเว็บไซต์ได้ แต่ต้องล็อกอินก่อน ::
  ล็อกอิน

รายการสื่อสารสนเทศ

ลำดับที่ ประเภท เลขเรียก/บาร์โค้ด สถานที่ สถานะ
1. นวนิยาย
นวนิยาย
นว. ณ321ล 2552 ฉ.1 
  Barcode: 026759
ห้องสมุดวิทยาเขตสวรรค์ประชารักษ์
►นวนิยาย
บนชั้น
  ขอยืม

BibComment


ยังไม่เคยถูกคอมเมนท์

คอมเมนท์ทรัพยากรรายการนี้
  คอมเมนท์: เล่ห์รักแผนพิชิตห..


 Copyright 2026. Bcnsprnw @Library